Statistics for 2024 Emmy Acting Nominees

Click here to take the quiz!

General Stats

  • This quiz has been taken 27 times
    (18 since last reset)
  • The average score is 36 of 78

Answer Stats

CategoryForActor% Correct
Lead actress in a limited or anthology series or movieBeefAli Wong
92%
Lead actress in a comedy seriesWednesdayJenna Ortega
92%
Lead actor in a comedy seriesOnly Murders in the BuildingMartin Short
92%
Supporting actress in a drama seriesThe White LotusAubrey Plaza
85%
Lead actor in a drama seriesBetter Call SaulBob Odenkirk
85%
Lead actor in a drama seriesSuccessionBrian Cox
85%
Lead actor in a comedy seriesTed LassoJason Sudeikis
85%
Lead actor in a comedy seriesThe BearJeremy Allen White
85%
Lead actor in a drama seriesSuccessionKieran Culkin
85%
Lead actress in a drama seriesThe Last of UsBella Ramsey
77%
Lead actor in a comedy seriesBarryBill Hader
77%
Lead actor in a drama seriesSuccessionJeremy Strong
77%
Lead actor in a drama seriesThe Last of UsPedro Pascal
77%
Lead actress in a comedy seriesThe Marvelous Mrs. MaiselRachel Brosnahan
77%
Lead actress in a drama seriesSuccessionSarah Snook
77%
Lead actress in a drama seriesThe Handmaid's TaleElisabeth Moss
69%
Lead actor in a limited or anthology series or movieDahmer - Monster: The Jeffrey Dahmer StoryEvan Peters
69%
Supporting actor in a comedy seriesBarryHenry Winkler
69%
Lead actor in a comedy seriesShrinkingJason Segel
69%
Lead actress in a comedy seriesAbbott ElementaryQuinta Brunson
69%
Lead actor in a limited or anthology series or movieBeefSteven Yeun
69%
Supporting actor in a comedy seriesTed LassoBrett Goldstein
62%
Supporting actress in a drama seriesThe White LotusJennifer Coolidge
62%
Supporting actor in a drama seriesSuccessionMatthew Macfadyen
62%
Supporting actress in a comedy seriesThe BearAyo Edebiri
54%
Lead actress in a comedy seriesDead to MeChristina Applegate
54%
Lead actor in a limited or anthology series or movieWeird: The Al Yankovic StoryDaniel Radcliffe
54%
Supporting actor in a comedy seriesJury DutyJames Marsden
54%
Supporting actress in a comedy seriesAbbott ElementaryJanelle James
54%
Supporting actress in a drama seriesSuccessionJ. Smith-Cameron
54%
Lead actress in a comedy seriesPoker FaceNatasha Lyonne
54%
Supporting actor in a drama seriesSuccessionNicholas Braun
54%
Supporting actor in a drama seriesThe White LotusTheo James
54%
Supporting actor in a drama seriesSuccessionAlan Ruck
46%
Supporting actor in a drama seriesSuccessionAlexander Skarsgård
46%
Supporting actor in a drama seriesThe White LotusF. Murray Abraham
46%
Supporting actress in a comedy seriesTed LassoHannah Waddingham
46%
Lead actor in a drama seriesThe Old ManJeff Bridges
46%
Lead actress in a limited or anthology series or movieGeorge & TammyJessica Chastain
46%
Lead actor in a limited or anthology series or movieGeorge & TammyMichael Shannon
46%
Supporting actress in a drama seriesBetter Call SaulRhea Seehorn
46%
Supporting actress in a comedy seriesThe Marvelous Mrs. MaiselAlex Borstein
38%
Supporting actor in a comedy seriesBarryAnthony Carrigan
38%
Supporting actor in a comedy seriesThe BearEbon Moss-Bachrach
38%
Supporting actress in a drama seriesThe CrownElizabeth Debicki
38%
Supporting actress in a comedy seriesShrinkingJessica Williams
38%
Lead actress in a limited or anthology series or movieTiny Beautiful ThingsKathryn Hahn
38%
Lead actress in a drama seriesThe DiplomatKeri Russell
38%
Lead actress in a drama seriesYellowjacketsMelanie Lynskey
38%
Supporting actor in a comedy seriesAbbott ElementaryTyler James Williams
38%
Supporting actress in a limited or anthology series or movieWelcome to Chippendale'sJuliette Lewis
31%
Supporting actress in a comedy seriesTed LassoJuno Temple
31%
Lead actor in a limited or anthology series or movieWelcome to Chippendale'sKumail Nanjiani
31%
Supporting actor in a comedy seriesTed LassoPhil Dunster
31%
Lead actress in a limited or anthology series or movieDaisy Jones & The SixRiley Keough
31%
Lead actress in a drama seriesBad SistersSharon Horgan
31%
Supporting actress in a comedy seriesAbbott ElementarySheryl Lee Ralph
31%
Lead actor in a limited or anthology series or movieBlack BirdTaron Egerton
31%
Supporting actress in a limited or anthology series or movieFleishman Is in TroubleClaire Danes
23%
Lead actress in a limited or anthology series or movieFleishman Is in TroubleLizzy Caplan
23%
Supporting actor in a drama seriesThe White LotusMichael Imperioli
23%
Supporting actor in a limited or anthology series or movieWelcome to Chippendale'sMurray Bartlett
23%
Supporting actor in a limited or anthology series or movieBlack BirdPaul Walter Hauser
23%
Supporting actor in a limited or anthology series or movieDahmer - Monster: The Jeffrey Dahmer StoryRichard Jenkins
23%
Supporting actress in a limited or anthology series or movieWelcome to Chippendale'sAnnaleigh Ashford
15%
Supporting actress in a limited or anthology series or movieDaisy Jones & The SixCamila Morrone
15%
Lead actress in a limited or anthology series or movieSwarmDominique Fishback
15%
Supporting actor in a limited or anthology series or movieLove and DeathJesse Plemons
15%
Supporting actor in a limited or anthology series or movieBeefJoseph Lee
15%
Supporting actress in a limited or anthology series or movieBeefMaria Bello
15%
Supporting actress in a limited or anthology series or movieTiny Beautiful ThingsMerritt Wever
15%
Supporting actress in a limited or anthology series or movieDahmer - Monster: The Jeffrey Dahmer StoryNiecy Nash-Betts
15%
Supporting actor in a limited or anthology series or movieBlack BirdRay Liotta
15%
Supporting actor in a drama seriesThe White LotusWill Sharpe
15%
Supporting actor in a limited or anthology series or movieBeefYoung Mazino
15%
Supporting actress in a drama seriesThe White LotusMeghann Fahy
8%
Supporting actress in a drama seriesThe White LotusSabrina Impacciatore
8%
Supporting actress in a drama seriesThe White LotusSimona Tabasco
8%

Score Distribution

Percentile by Number Answered

Percent of People with Each Score

Your Score History

You have not taken this quiz since the last reset